Evaluación financiera de proyectos de inversión (Registro nro. 61198)
[ vista simple ]
| 000 -ENCABEZADO | |
|---|---|
| Número de control [NR] | 01144nam a2200289Ia 4500 |
| 008 - DE LONGITUD FIJA DE DATOS DE ELEMENTOS - INFORMACIÓN GENERAL | |
| Elementos de longitud fija [NR] | 130821s2004 ck a gr spa |
| 020 ## - NUMERO INTERNACIONAL NORMALIZADO PARA LIBROS [R] | |
| Número Internacional Normalizado del libro [NR] | 9586824748 |
| 040 ## - FUENTE DE CATALOGACION [NR] | |
| Agencia de catalogación original [NR] | Co-BoUCM |
| Idioma de catalogación [NR] | spa |
| 041 00 - CODIGO DE IDIOMA [R] | |
| Código de idioma para texto/pista de sonido o título separado [R] | Español |
| 100 1# - ASIENTO PRINCIPAL--NOMBRE PERSONAL [NR] | |
| Nombre personal [NR] | Mokate, Karen Marie |
| 245 10 - MENCION DE TITULO [NR] | |
| Título [NR] | Evaluación financiera de proyectos de inversión |
| Mención de responsabilidad, etc. [NR] | Karen Marie Mokate ; con la colaboración de Adriana Cuervo de Forero y Hernán Eduardo Vallejo |
| 250 ## - MENCION DE EDICION [NR] | |
| Mención de edición [NR] | 2a. ed. |
| 260 ## - PUBLICACION, DISTRIBUCION, ETC. (PIE DE IMPRENTA) [R] | |
| Lugar de publicación, distribución, etc. [R] | Bogotá (Colombia) |
| Nombre del editor, distribuidor, etc. [R] | Alfaomega |
| Fecha de publicación, distribución, etc. [R] | 2004 |
| 300 ## - DESCRIPCION FISICA [R] | |
| Extensión [R] | 312 páginas |
| Otros detalles físicos [NR] | cuadros, gráficas |
| 504 ## - NOTA DE BIBLIOGRAFIA, ETC. [R] | |
| Nota de bibliografía, etc. [NR] | |
| 650 04 - ASIENTO SECUNDARIO DE MATERIA - TERMINO TEMATICO [R] | |
| Término temático o nombre geográfico como elemento de entrada [NR] | Administración de proyectos |
| Subdivisión de forma [R] | Evaluación |
| 9 (RLIN) | 8567 |
| 650 04 - ASIENTO SECUNDARIO DE MATERIA - TERMINO TEMATICO [R] | |
| Término temático o nombre geográfico como elemento de entrada [NR] | Evaluación de proyectos |
| 9 (RLIN) | 15321 |
| 650 04 - ASIENTO SECUNDARIO DE MATERIA - TERMINO TEMATICO [R] | |
| Término temático o nombre geográfico como elemento de entrada [NR] | Finanzas |
| 9 (RLIN) | 7628 |
| 650 04 - ASIENTO SECUNDARIO DE MATERIA - TERMINO TEMATICO [R] | |
| Término temático o nombre geográfico como elemento de entrada [NR] | Fomento de inversiones |
| 9 (RLIN) | 16003 |
| 650 04 - ASIENTO SECUNDARIO DE MATERIA - TERMINO TEMATICO [R] | |
| Término temático o nombre geográfico como elemento de entrada [NR] | Inversiones |
| Subdivisión de forma [R] | Evaluación |
| 9 (RLIN) | 17948 |
| 650 04 - ASIENTO SECUNDARIO DE MATERIA - TERMINO TEMATICO [R] | |
| Término temático o nombre geográfico como elemento de entrada [NR] | Proyectos de inversión |
| Subdivisión de forma [R] | Evaluación |
| 9 (RLIN) | 22710 |
| 700 1# - ASIENTO SECUNDARIO - NOMBRE PERSONAL [R] | |
| Nombre personal [NR] | Cuervo de Forero, Adriana |
| 700 1# - ASIENTO SECUNDARIO - NOMBRE PERSONAL [R] | |
| Nombre personal [NR] | Vallejo, Hernán Eduardo |
| 710 1# - ASIENTO SECUNDARIO - NOMBRE CORPORATIVO [R] | |
| Nombre corporativo o de jurisdicción como elemento de entrada [NR] | Universidad de Los Andes. |
| Unidad subordinada [R] | Facultad de Economía. |
| -- | Centro de Estudios sobre Desarrollo Económico. CEDE |
| 942 ## - ELEMENTOS DE ENTRADA AGREGADOS (KOHA) | |
| Tipo de ítem principal el descrito en 300a | Libro |
| Tema principal | Economía |
| Edición | 2 |
| Parte restante de la signatura top. | M716e |
| Sistema de clasificación | DEWEY |
| Clasificación | 332.6 |
| Fecha de último préstamo | Total préstamos | Total Renewals | Signatura topográfica | Código de barras | Última vez visto | Volúmen / Fascículo | Ejemplar | Price effective from | Tipo de ítem | Nota pública (OPAC) | Perdido | Sistema de clasificación | Dañado | No prestable | Tipo de ítem específico | Suprimido | Ubicación habitual | Ubicación actual | Localización | Fecha de creación | Forma de adquisición | Costo |
|---|---|---|---|---|---|---|---|---|---|---|---|---|---|---|---|---|---|---|---|---|---|---|
| 14/09/2019 | 42 | 12 | 332.6 M716e | 100100055 | 04/12/2025 | 2a. Ed. | Ej.3 | 03/02/2013 | Libro | Spot Finanzas | DEWEY | Libro | Claustro | Claustro | Mezanine | 28/02/2013 | Compra | 40800.00 | ||||
| 02/08/2019 | 44 | 11 | 332.6 M716e | 100100056 | 04/12/2025 | 2a. Ed. | Ej.4 | 03/02/2013 | Libro | Spot Finanzas | DEWEY | Libro | Claustro | Claustro | Mezanine | 28/02/2013 | Compra | 40800.00 | ||||
| 15/06/2010 | 20 | 332.6 M716e | 100099230 | 04/12/2025 | 2a. Ed. | Ej.1 | 03/02/2013 | Libro | Spot Finanzas | DEWEY | Libro | Claustro | Claustro | Mezanine | 30/09/2009 | Compra | 48000.00 |